Statistics for Different MLS Cup and Shield Winners

Click here to take the quiz!

General Stats

  • This quiz has been taken 17 times
  • The average score is 33 of 40

Answer Stats

Answer% Correct
LA Galaxy
100%
LA Galaxy
100%
LA Galaxy
100%
LA Galaxy
100%
LA Galaxy
100%
Columbus Crew
93%
Columbus Crew
93%
Columbus Crew
93%
Columbus Crew
93%
DC United
93%
DC United
93%
DC United
93%
DC United
93%
Houston Dynamo FC
93%
Houston Dynamo FC
93%
New England Revolution
93%
LAFC
87%
New York City FC
87%
New York Red Bulls
87%
New York Red Bulls
87%
New York Red Bulls
87%
San Jose Earthquakes
87%
Seattle Sounders FC
87%
Seattle Sounders FC
87%
Seattle Sounders FC
87%
Atlanta United FC
80%
Colorado Rapids
80%
Philadelphia Union
80%
Real Salt Lake
80%
Chicago Fire
73%
Chicago Fire
73%
FC Cincinnati
73%
FC Dallas
73%
Sporting Kansas City
73%
San Jose Earthquakes
67%
San Jose Earthquakes
67%
San Jose Earthquakes
67%
Portland Timbers
53%
Tampa Bay Mutiny
53%
Miami Fusion
33%

Score Distribution

Percentile by Number Answered

Percent of People with Each Score

Your Score History

You have not taken this quiz